Renewable energy: (Record no. 32987)
[ view plain ]
| 000 -LEADER | |
|---|---|
| fixed length control field | 01332cam a22003737a 4500 |
| 001 - CONTROL NUMBER | |
| control field | 10530931 |
| 003 - CONTROL NUMBER IDENTIFIER | |
| control field | OSt |
| 005 - DATE AND TIME OF LATEST TRANSACTION | |
| control field | 20210909120122.0 |
| 006 - FIXED-LENGTH DATA ELEMENTS--ADDITIONAL MATERIAL CHARACTERISTICS | |
| fixed length control field | m d |
| 007 - PHYSICAL DESCRIPTION FIXED FIELD--GENERAL INFORMATION | |
| fixed length control field | cr n |
| 008 - FIXED-LENGTH DATA ELEMENTS--GENERAL INFORMATION | |
| fixed length control field | 130426s2013 gw ab sb 001 0 eng d |
| 020 ## - INTERNATIONAL STANDARD BOOK NUMBER | |
| International Standard Book Number | 9783527408047 |
| 035 ## - SYSTEM CONTROL NUMBER | |
| System control number | (WaSeSS)ssj0000872133 |
| 038 ## - RECORD CONTENT LICENSOR | |
| Staff Name | khadija |
| 040 ## - CATALOGING SOURCE | |
| Original cataloging agency | BTCTA |
| Language of cataloging | eng |
| Transcribing agency | CUD |
| Modifying agency | OCLCO |
| -- | YDXCP |
| -- | IUI |
| -- | BWX |
| -- | DLC |
| -- | WaSeSS |
| 042 ## - AUTHENTICATION CODE | |
| Authentication code | lccopycat |
| 050 #4 - LIBRARY OF CONGRESS CALL NUMBER | |
| Classification number | TJ808 |
| Item number | .R452 2008. |
| 082 ## - DEWEY DECIMAL CLASSIFICATION NUMBER | |
| Classification number | 333.794 |
| Author Mark | REN |
| 100 ## - MAIN ENTRY--PERSONAL NAME | |
| Personal name | Wengenmayr, Roland |
| 9 (RLIN) | 82335 |
| 210 10 - ABBREVIATED TITLE | |
| Abbreviated title | Renewable energy: Sustainable Energy Concept For The Future |
| 245 00 - TITLE STATEMENT | |
| Title | Renewable energy: |
| Remainder of title | sustainable concepts for the energy change / |
| Statement of responsibility, etc. | edited by Roland Wengenmayr and Thomas Bührke. |
| 260 ## - PUBLICATION, DISTRIBUTION, ETC. | |
| Place of publication, distribution, etc. | Weinheim : |
| Name of publisher, distributor, etc. | Wiley-VCH, |
| Date of publication, distribution, etc. | c2008. |
| 500 ## - GENERAL NOTE | |
| General note | Original ed. : c2008. |
| 504 ## - BIBLIOGRAPHY, ETC. NOTE | |
| Bibliography, etc. note | Includes bibliographical references and index. |
| 506 ## - RESTRICTIONS ON ACCESS NOTE | |
| Terms governing access | License restrictions may limit access. |
| 563 ## - BINDING INFORMATION | |
| Binding note | hardcover |
| 650 #0 - SUBJECT ADDED ENTRY--TOPICAL TERM | |
| Topical term or geographic name entry element | Renewable energy sources. |
| 700 1# - ADDED ENTRY--PERSONAL NAME | |
| Personal name | Wengenmayr, Roland. |
| 9 (RLIN) | 82335 |
| 700 1# - ADDED ENTRY--PERSONAL NAME | |
| Personal name | Bührke, Thomas, |
| Dates associated with a name | 1956- |
| 9 (RLIN) | 82336 |
| 773 #0 - HOST ITEM ENTRY | |
| Title | Wiley-Blackwell Online Books |
| 856 40 - ELECTRONIC LOCATION AND ACCESS | |
| Uniform Resource Identifier | <a href="http://www.columbia.edu/cgi-bin/cul/resolve?clio10530931">http://www.columbia.edu/cgi-bin/cul/resolve?clio10530931</a> |
| Public note | Full text available from Wiley-Blackwell Online Books |
| 910 ## - USER-OPTION DATA (OCLC) | |
| User-option data | Library of Congress record |
| 942 ## - ADDED ENTRY ELEMENTS (KOHA) | |
| Source of classification or shelving scheme | |
| Koha item type | Book |
| Withdrawn status | Lost status | Source of classification or shelving scheme | Damaged status | Not for loan | Permanent Location | Current Location | Shelving location | Date acquired | Full call number | Barcode | Date last seen | Price effective from | Koha item type | Public note |
|---|---|---|---|---|---|---|---|---|---|---|---|---|---|---|
| School of Mechanical & Manufacturing Engineering (SMME) | School of Mechanical & Manufacturing Engineering (SMME) | General Stacks | 12/16/2015 | 333.794 REN | SMME-2009 | 03/29/2018 | 12/16/2015 | Book | Rack,49-Shelf,3 |
